000 00834nam a2200253 i 4500
001 000045661
003 DO-SdBNP
005 20250620135239.0
007 ta
008 150422s1992 dr a 000 p spa d
040 _aDO-SdBNP
_bspa
_cBNPHU
_erda
082 4 _bB712n
_222
100 _aBonelly Díaz, Aída de
_eautor
_955954
245 1 4 _aLos niños y las artes /
_cAída Bonelly de Díaz.
264 _aSanto Domingo :
_bAlfa y Omega,
_c1992.
300 _a37 páginas :
_bilustraciones ;
_c22 cm.
336 _2rdacontent
_atexto
_btxt
337 _2rdamedia
_asin mediación
_bn
338 _2rdacarrier
_avolumen
_bnc
490 _aBiblioteca juvenil tobogan
_v4
505 0 _aMúsica --
_tPintura --
_tArte teatral --
_tEscultura --
_tLiteratura --
_tArquitectura --
_tDanza.
590 _aInventariado, 2018/LP
942 _2ddc
_cLF2
999 _c45150
_d45150